Statistiken für Schnelle Mathematik: Vielfachen von 9

Klicken Sie hier um das Quiz zu spielen!

Allgemein

  • Dieses Quiz wurde 239 mal gespielt
  • Das Durchschnittsergebnis liegt bei 9 aus 10

Antwortstatistiken

HintAntwort% Korrekt
2*918
100%
1*99
100%
3*927
97%
4*936
94%
5*945
91%
6*954
86%
9*981
80%
7*963
77%
8*972
77%
10*990
66%

Verteilung der Resultate

Perzentil nach korrekt beantworteten Fragen

Anzahl Personen mit jedem Resultat

Ihre Resultats-Entwicklung

Sie haben dieses Quiz noch nicht gespielt